MAASAI MARA UNIVERSITY

LIBRARY CATALOGUE

Contact Us: +254 020 2685356/7 or 0774 057787

Box: 861-20500, NAROK, KENYA

Email: info@mmarau.ac.ke

_Discovering Arguments An introduction to critical thinking and writing with readings[ 3rd ed.] (Record no. 13816)

MARC details
000 -LEADER
fixed length control field 00501nam a2200157Ia 4500
008 - FIXED-LENGTH DATA ELEMENTS--GENERAL INFORMATION
fixed length control field 151021s9999 xx 000 0 und d
020 ## - INTERNATIONAL STANDARD BOOK NUMBER
International Standard Book Number 9.7801360264e+013
050 ## - LIBRARY OF CONGRESS CALL NUMBER
Classification number PE 143.I.M49 2008
245 ## - TITLE STATEMENT
Title _Discovering Arguments An introduction to critical thinking and writing with readings[ 3rd ed.]
260 ## - PUBLICATION, DISTRIBUTION, ETC. (IMPRINT)
Place of publication, distribution, etc. New Jersey Pearson 2008
300 ## - PHYSICAL DESCRIPTION
Extent xxxi,632p.
500 ## - GENERAL NOTE
General note Includes index
500 ## - GENERAL NOTE
General note Includes index
650 ## - SUBJECT ADDED ENTRY--TOPICAL TERM
Topical term or geographic name as entry element _critical thinking
980 ## - EQUIVALENCE OR CROSS-REFERENCE-SERIES STATEMENT--PERSONAL NAME/TITLE [LOCAL, CANADA]
Personal name ^d20130528 11:56:25^oanne

No items available.

© 2016 Maasai Mara University.